000 00469nam a2200157Ia 4500
008 230917s9999||||xx |||||||||||||| ||und||
020 _cPOU20
040 _e4428
_aMAIN
041 _aEnglish
082 _a332.41 T971C
100 _aTylecote, Andrew
245 0 _aCauses of the present inflation: An intredisciplinary explanation of inflation in Britain, Germany and the United States
260 _aLondon
_bMacmillan
_c1981
300 _axvi, 236 p.
942 _cBK
999 _c225644
_d225644